Представление документа в формате RUSMARC

ПолеНазваниеЗначение
  Тип записи a
  Библиографический уровень m
001 Контрольный номер RU\NLR\BIBL_A\010720873
005 Дата корректировки 20201206205012.1
010 Индекс ISBN __
a ISBN 978-5-9905810-1-2 (в пер.)
d Цена 461-30; 363-55
100 Данные общей обработки __
a Данные общей обработки 19180409d2015||||||| 0rusy0189 ca
101 Язык документа 1_
a Язык текста rus
c Язык оригинала eng
102 Страна публикации __
a Страна публикации RU|
105 Кодированные данные (монография) __
a Кодированные данные (монография) y|||||||000zy
200 Заглавие и сведения об ответственности 1_
a Заглавие Не тычьте в меня этой штукой
e Сведения, относящиеся к заглавию [роман]
f Первые сведения об ответственности Кирил Бонфильоли ; [перевод с английского М. Немцова]
b Общее обозначение материала Текст
210 Выходные данные __
a Место издания Москва
c Издательство Livebook
d Дата издания 2015
215 Физическое описание __
a Объем 331, [4] с.
d Формат 17 см
300 Общие примечания __
a Общие примечания 3000 экз.
300 Общие примечания __
a Общие примечания На обложке указано: Книга первая
330 Аннотация __
a Аннотация Книга британского писателя Кирила Бонфильоли - за рамками жанров, как раз там, где и начинается настоящая литература. Сюжет завязан на краже ценной картины, после чего всё и завертелось. Но чем оно опаснее, тем интереснее, а Чарли своего не упустит. Если бы Вудхаусу поручили писать сценарии картин про Джеймса Бонда, то получилось бы примерно то же, что у Кирила Бонфильоли.
333 Примечание о целевом назначении __
a Примечание о целевом назначении 16+. Для детей старше 16 лет
606 Тематические рубрики __
a Основная рубрика Художественная литература
606 Тематические рубрики __
a Основная рубрика Литература Европы (произведения)
y Географическая подрубрика Англия
y Географическая подрубрика Великобритания
610 Ключевые слова __
a Ключевые слова авантюрные детективы
a Ключевые слова авантюрные романы
a Ключевые слова английская литература
a Ключевые слова детективная литература
a Ключевые слова детективные романы
a Ключевые слова детективы
a Ключевые слова зарубежная литература
a Ключевые слова иностранная литература
a Ключевые слова романы
a Ключевые слова тема краж
a Ключевые слова трилогии
a Ключевые слова экранизированные книги
686 Индексы других классификаций __
2 Код системы rubbks
a Классификационный индекс 84(4Вел)6-445
700 Автор _1
a Фамилия Бонфильоли
b Имя К.
f Даты 1928-1985
g Полное личное имя Кирил
4 Код отношения 070
702 Вторичная интеллектуальная ответственность _1
a Фамилия Немцов
b Имя М.
4 Код отношения Переводчик
4 Код отношения 730
801 Источник записи _0
a Страна RU
b Организация Муниципальное бюджетное учреждение культуры "Централизованная библиотечная система" г. Сургут (Центральная городская библиотека им. А. С. Пушкина)
c Дата составления 20180409
g Правила каталогизации RCR
801 Источник записи _1
a Страна RU
b Организация Муниципальное бюджетное учреждение культуры "Централизованная библиотечная система" г. Сургут (Центральная городская библиотека им. А. С. Пушкина)
c Дата составления 20180409
g Правила каталогизации RCR
852 Данные о местонахождении __
j Шифр хранения 84(4Вел)6-445
i Авторский знак Б 81
901 Тип документа __
t Тип документа m
a Ответственный КиК/Мамарузиева; КиК/Апакова
903 Характеристики (МАРС) __
a Дата передачи 20180409; 20160602
990 Данные о заказе (DOS) __
j Количество экземпляров (DOS) 1; 5
t N записи в КСУ для И/У (DOS) 201804; 201606